Double-Mini Trampoline World Champions Women - Statistics

General Stats
  • This quiz has been taken 8 times
    2 since last reset
  • The average score is 14 of 29
Answer Stats
Year Country World Champion % Correct
2017 RSA Bianca Zoonekynd
100%
2022 NZL Bronwyn Dibb
100%
2023 ESP Melania Rodriguez
100%
1986 FRG Bettina Lehmann
50%
1982 CAN Christine Tough
50%
2010 CAN Corissa Boychuk
50%
2014 USA Erin Jauch
50%
2015 USA Erin Jauch
50%
1996 USA Jennifer Sans
50%
2013 USA Kristle Lowell
50%
1992 NZL Kylie Walker
50%
1994 NZL Kylie Walker
50%
1998 NZL Kylie Walker
50%
1976 USA Leigh Hennessey
50%
1978 USA Leigh Hennessey
50%
2018 SWE Lina Sjoberg
50%
2019 SWE Lina Sjoberg
50%
2021 SWE Lina Sjoberg
50%
1999 CAN Lisa Colussi
50%
2001 RUS Marina Mourinova
50%
2003 CAN Sarah Charles
50%
2007 CAN Sarah Charles
50%
2005 POR Silvia Saiote
50%
2011 RUS Svetlana Balandina
50%
1980 USA Bethany Fairchild
0%
1988 AUS Elizabeth Jensen
0%
1984 FRG Gabriele Dreier
0%
1990 AUS Lisa Newman-Morris
0%
2009 RUS Victoria Voronina
0%
No matching quizzes found
Score Distribution
Percent of People with Each Score
Percentile by Number Answered
Your Score History
You have not taken this quiz since the last reset